Normal view
MARC view
- Ketchum, Richard M.,
Entry Personal Name
001 - CONTROL NUMBER
- control field: 153709
003 - CONTROL NUMBER IDENTIFIER
- control field: DLC
005 - DATE AND TIME OF LATEST TRANSACTION
- control field: 20260416111128.0
008 - FIXED-LENGTH DATA ELEMENTS
- fixed length control field: 800826n| azannaabn |n aaa
010 ## - LIBRARY OF CONGRESS CONTROL NUMBER
- LC control number: n 50045807
035 ## - SYSTEM CONTROL NUMBER
- System control number: (OCoLC)oca00080959
040 ## - CATALOGING SOURCE
- Original cataloging agency: DLC
- Language of cataloging: eng
- Description conventions: rda
- Transcribing agency: DLC
- Modifying agency: DLC
- Modifying agency: UPB
- Modifying agency: OCoLC
046 ## - SPECIAL CODED DATES
- Birth date: 1922-03-15
- Death date: 2012-01-12
- Source of date scheme: edtf
053 #0 - LC CLASSIFICATION NUMBER
- Classification number element--single number or beginning number of span: PS3521.E836
100 1# - HEADING--PERSONAL NAME
- Personal name: Ketchum, Richard M.,
- Dates associated with a name: 1922-2012
368 ## - OTHER ATTRIBUTES OF PERSON OR CORPORATE BODY
- Other designation: Americans
- Source: lcdgt
370 ## - ASSOCIATED PLACE
- Place of birth: Pittsburgh (Pa.)
- Place of death: Shelburne (Vt.)
- Source of term: naf
374 ## - OCCUPATION
- Occupation: Authors
- Occupation: Editors
- Source of term: lcsh
377 ## - ASSOCIATED LANGUAGE
- Language code: eng
670 ## - SOURCE DATA FOUND
- Source citation: His What is communism, 1955.
670 ## - SOURCE DATA FOUND
- Source citation: New York times WWW site, Jan. 23, 2012
- Information found: (in obituary published Jan. 20: Richard M. Ketchum; b. Richard Malcolm Ketchum, Mar. 15, 1922, Pittsburgh; d. Jan. 12, Shelburne, Vt., aged 89; author and editor who co-founded Country journal, a magazine that offered a blend of the bucolic and the practical, particularly to city folk who had opted for the rural life)
670 ## - SOURCE DATA FOUND
- Source citation: Formerly in 678 field: A.B., Yale Univ.



